Thư tín thương mại hoa việt
Bao gồm những cách viết những bức thư cơ bản trong các tình huống như hỏi giá, đặt báo, thanh toán,..
Đã lưu trong:
| Tác giả chính: | |
|---|---|
| Định dạng: | Sách |
| Ngôn ngữ: | Vietnamese |
| Được phát hành: |
Hà Nội
Nxb Hà Nội
2007
|
| Những chủ đề: | |
| Các nhãn: |
Thêm thẻ
Không có thẻ, Là người đầu tiên thẻ bản ghi này!
|
| Thư viện lưu trữ: | Trung tâm Học liệu Lê Vũ Hùng, Trường Đại học Đồng Tháp |
|---|
| LEADER | 00884pam a22002538a 4500 | ||
|---|---|---|---|
| 001 | 00028875 | ||
| 005 | 20171026081023.0 | ||
| 008 | 120423s2007 ||||||viesd | ||
| 020 | |c 35000 | ||
| 041 | 0 | # | |a vie |
| 082 | 1 | # | |a 495.1 |b Th550T |
| 100 | 0 | # | |a Gia, Linh |e Biên soạn |
| 245 | 0 | 0 | |a Thư tín thương mại hoa việt |c Gia Linh (biên soạn) |
| 260 | # | # | |a Hà Nội |b Nxb Hà Nội |c 2007 |
| 300 | # | # | |a 294 tr. |c 21 cm. |
| 520 | 3 | # | |a Bao gồm những cách viết những bức thư cơ bản trong các tình huống như hỏi giá, đặt báo, thanh toán,.. |
| 653 | # | # | |a Ngôn ngữ |
| 653 | # | # | |a Tiếng Hoa |
| 653 | # | # | |a Viết thư |
| 852 | # | # | |b Kho đọc |j KD.0013479 |
| 852 | # | # | |j KD.0012799 |
| 910 | |d 23/04/2012 | ||
| 980 | # | # | |a Trung tâm Học liệu Lê Vũ Hùng, Trường Đại học Đồng Tháp |